| 000 | 00515nam a22001937a 4500 | ||
|---|---|---|---|
| 008 | 150623b xxu||||| |||| 00| 0 eng d | ||
| 020 | _a0324376421 | ||
| 041 | 0 | _aeng | |
| 080 | _a338 | ||
| 100 | _aGuffey's. Mary Ellen; | ||
| 245 | 1 | 0 |
_aEssentials of Business Communication / _cMary Ellen Guffey. |
| 250 | _a7th Edition | ||
| 260 |
_aUSA: _bThomson; _c2007. |
||
| 300 |
_a452 f.: _bme il.; _c25 cm. |
||
| 505 | _aIndex: f. I-7 - I-15 | ||
| 650 | 0 | _aKomunikim Biznesi | |
| 650 | 0 | _aOrganizimi | |
| 942 |
_2udc _cBK |
||
| 999 |
_c1070 _d1070 |
||